FATIMA SPERANZA DEL MONDO-TOTUS TUUS (GIOVANNI PAOLO II E LA MADONNA) (Record n. 106324)
[ formato base ]
| 000 -LEADER | |
|---|---|
| fixed length control field | 01905agaaa2200301 4500 |
| 001 - CONTROL NUMBER | |
| control field | 5126 |
| 003 - CONTROL NUMBER IDENTIFIER | |
| control field | IT-RoPAU |
| 005 - DATE AND TIME OF LATEST TRANSACTION | |
| control field | 20220918181244.0 |
| 007 - PHYSICAL DESCRIPTION FIXED FIELD--GENERAL INFORMATION | |
| fixed length control field | d cvaizq |
| 008 - FIXED-LENGTH DATA ELEMENTS--GENERAL INFORMATION | |
| fixed length control field | 50131s9999||||xx ||| | || ||und|| |
| 040 ## - CATALOGING SOURCE | |
| Original cataloging agency | IT-RoPAU |
| Transcribing agency | IT-RoPAU |
| 041 ## - LANGUAGE CODE | |
| Language code of text/sound track or separate title | ITALIANO |
| 100 ## - MAIN ENTRY--PERSONAL NAME | |
| Personal name | Piccon Elio |
| Miscellaneous information | Codice regista SPICS: 23411 |
| 9 (RLIN) | 46259 |
| 130 ## - MAIN ENTRY--UNIFORM TITLE | |
| Uniform title | FATIMA SPERANZA DEL MONDO-TOTUS TUUS (GIOVANNI PAOLO II E LA MADONNA) |
| 9 (RLIN) | 46260 |
| 245 ## - TITLE STATEMENT | |
| Title | FATIMA SPERANZA DEL MONDO-TOTUS TUUS (GIOVANNI PAOLO II E LA MADONNA) |
| Statement of responsibility, etc. | Diretto da: Piccon Elio |
| Name of part/section of a work | FATIMA SPERANZA DEL MONDO-TOTUS TUUS (GIOVANNI PAOLO II E LA MADONNA) (Rif. Codice opera principale : 85126) |
| 250 ## - EDITION STATEMENT | |
| Edition statement | Edizione Standard |
| 260 ## - PUBLICATION, DISTRIBUTION, ETC. (IMPRINT) | |
| Place of publication, distribution, etc. | ROMA (ITALIA) |
| Name of publisher, distributor, etc. | SAMPAOLO FILM AUDIOVISIVI / Distribuzione: MASTER VIDEO |
| Date of manufacture | "1989 (1° ed.: 1989 ; Ed. Lingua Orig.: 1989)" |
| 300 ## - PHYSICAL DESCRIPTION | |
| Extent | VHS |
| Other physical details | sonoro, col. |
| Dimensions | 35 minuti |
| 508 ## - CREATION/PRODUCTION CREDITS NOTE | |
| Creation/production credits note | "Fotografia: Piccon Elio; Musica: Pagoni Sergio; " |
| 520 ## - SUMMARY, ETC. | |
| Summary, etc. | IL FILM SI APRE CON LA SPETTACOLARE SEQUENZA DELLA VISITA DI PAPA PAOLO VIA FATIMA NEL 1967 IN OCCASIONE DEL CINQUANTENARIO DELLE APPARIZIONI RACCONTA POI IN MODO SEMPLICE LA VITA DEI TRE PASTORELLI AI QUALI LA MADONNA E' APPARSA RICOSTRUENDO FEDELMENTE FATTI E PERSONAGGI LUCIA GIACINTA E FRANCESCO LA PARTE FINALE DEL DOCUMENTARIO PRESENTA LA MADONNA DI FATIMA PELLEGRINADI DIO PER TUTTE LE CONTRADE DEL MONDO AL SUO PASSAGGIO IN AMERICA COME INEUROPA NELL'INDONESIA COME IN AUSTRALIA MOLTITUDINI DI FEDELI SONO TESTIMONI DELLE MERAVIGLIE DELLA SUA MISERICORDIA |
| 538 ## - SYSTEM DETAILS NOTE | |
| System details note | PAL, STEREO |
| 546 ## - LANGUAGE NOTE | |
| Language note | ITALIANO |
| 650 ## - SUBJECT ADDED ENTRY--TOPICAL TERM | |
| Topical term or geographic name as entry element | DOCUMENTARIO |
| Relator term | TV-PROGRAMMI RELIGIOSI [VHS] |
| General subdivision | Codice MATERIA SPICS: 9963 |
| 9 (RLIN) | 36814 |
| 700 ## - ADDED ENTRY--PERSONAL NAME | |
| Personal name | Campus Paolino |
| Relator term | (regista) |
| Miscellaneous information | Codice secondo regista SPICS: 29726 |
| 9 (RLIN) | 46261 |
| 700 ## - ADDED ENTRY--PERSONAL NAME | |
| Personal name | Pagoni Sergio |
| Relator term | (musica) |
| Miscellaneous information | Codice Musica SPICS: 29725 |
| 9 (RLIN) | 46262 |
| 700 ## - ADDED ENTRY--PERSONAL NAME | |
| Personal name | Piccon Elio |
| Relator term | (regista) |
| Miscellaneous information | Codice regista SPICS: 23411 |
| 9 (RLIN) | 46263 |
| 942 ## - ADDED ENTRY ELEMENTS (KOHA) | |
| Koha item type | VHS - VIDEO |
| Source of classification or shelving scheme | Dewey Decimal Classification |
| Withdrawn status | Lost status | Damaged status | Not for loan | Home library | Current library | Date acquired | Total Checkouts | Full call number | Date last seen | Price effective from | Koha item type | Public note |
|---|---|---|---|---|---|---|---|---|---|---|---|---|
| Buone Condizioni | Not For Loan | SPICS-MEDIATECA | SPICS-MEDIATECA | 31/01/2015 | 85126 | 31/01/2015 | 31/01/2015 | VHS - VIDEO | Progr. Ins.: 2663 / N.Vol.:1 / Copie: 1 / Pag.:0 / Copia rara: n.d. / date import: 1.2.2015 / By Epidotti, Trombetti, Vaglietti |